000 00320nam a2200133Ia 4500
005 20251222143301.0
008 251222s9999||||xx |||||||||||||| ||spa||
020 _a92-3-3032744
082 _a370.1/D48
100 _aDelors, Jacques
245 0 _aLa Educación Encierra un Tesoro
264 _bSantillana
942 _cLIB
999 _c15345
_d15345